Môi trường ô nhiễm và hậu quả

সংরক্ষণ করুন:
গ্রন্থ-পঞ্জীর বিবরন
প্রধান লেখক: Nguyễn, Thị Thìn
অন্যান্য লেখক: Tuấn Lan
বিন্যাস: গ্রন্থ
প্রকাশিত: Hà Nội Khoa học Kỹ thuật
সংস্করন:Hà Nội
বিষয়গুলি:
ট্যাগগুলো: ট্যাগ যুক্ত করুন
কোনো ট্যাগ নেই, প্রথমজন হিসাবে ট্যাগ করুন!
Thư viện lưu trữ: Trung tâm Học liệu Lê Vũ Hùng, Trường Đại học Đồng Tháp
LEADER 00831pam a22002658a 4500
001 00037979
005 20171026081023.0
008 170514s ||||||Viesd
041 0 # |a Vie 
082 1 4 |a 577.27  |b M452TR 
100 1 # |a Nguyễn, Thị Thìn 
245 1 0 |a Môi trường ô nhiễm và hậu quả  |c Nguyễn Thị Thìn; Tuấn Lan 
250 # # |a Hà Nội 
260 # # |a Hà Nội  |b Khoa học Kỹ thuật 
300 # # |a 293tr  |c 27 cm 
653 # # |a Hậu Quả 
653 # # |a Ô nhiẽm 
653 # # |a Môi trường 
700 1 # |a Tuấn Lan 
852 # # |b Kho mượn  |j KM.0021919 
852 # # |b Kho đọc  |j KD.0020871 
852 # # |j KD.0020871  |j KM.0021919 
910 |d 14/05/2017 
980 # # |a Trung tâm Học liệu Lê Vũ Hùng, Trường Đại học Đồng Tháp